[Event "CAN-ch U20 1982-83"]
[Site "Toronto CAN"]
[Date "1983.01.05"]
[Round "11"]
[White "Schleifer, Michael"]
[Black "Lingo, Richard"]
[Result "1/2-1/2"]
[WhiteElo "2145"]
[BlackElo "1871"]
[PlyCount "125"]
[EventDate "1982.12.26"]
[EventType "tourn"]
[EventRounds "11"]
[EventCountry "CAN"]

1. d4 d5 2. c4 dxc4 3. Nf3 a6 4. a4 Nf6 5. Nc3 Nc6 6. e3 Bg4 7. Bxc4 e6 8. O-O
Bd6 9. Be2 O-O 10. h3 Bh5 11. b3 Re8 12. Bb2 Bg6 13. Nh4 e5 14. Nxg6 hxg6 15.
d5 Ne7 16. e4 Nd7 17. Rc1 g5 18. Bf3 Ng6 19. g3 Nf6 20. Qd2 Nh7 21. Nd1 Qf6 22.
Bg4 Ne7 23. Ne3 Qh6 24. Kg2 Nf6 25. Bf3 Qg6 26. Qc2 Rac8 27. Nc4 g4 28. hxg4
Qg5 29. Nxd6 cxd6 30. Qe2 Nh7 31. Rc4 Qf6 32. Rfc1 Ng5 33. Rxc8 Rxc8 34. Rxc8+
Nxc8 35. Bc1 g6 36. Bxg5 Qxg5 37. Qc4 Qd8 38. Be2 Nb6 39. Qc3 Nd7 40. b4 Nf6
41. Qc4 Qd7 42. b5 axb5 43. axb5 Nxg4 44. b6 Nf6 45. Qc7 Kf8 46. Bd3 Ke8 47.
Qb8+ Ke7 48. Qa8 Nh5 49. Be2 Kf6 50. Qh8+ Ke7 51. Bxh5 gxh5 52. Qxh5 Qb5 53.
Qg5+ Ke8 54. Qe3 Qa4 55. f4 Qc2+ 56. Kh3 Qd1 57. Kg2 Qc2+ 58. Kh3 Qd1 59. fxe5
Qh5+ 60. Kg2 Qxe5 61. Qe2 Qd4 62. Qb5+ Ke7 63. Qb1 1/2-1/2

[Event "Geza Fuster Cup"]
[Site "Toronto CAN"]
[Date "1982.12.01"]
[Round "?"]
[White "Lavin, David"]
[Black "Schleifer, Michael"]
[Result "1-0"]
[WhiteElo "2217"]
[BlackElo "2149"]
[PlyCount "61"]
[EventDate "1982.12.01"]
[EventType "tourn"]
[EventRounds "9"]
[EventCountry "CAN"]

1. d4 Nf6 2. c4 g6 3. Nc3 Bg7 4. e4 O-O 5. Be2 d6 6. Bg5 h6 7. Be3 Nc6 8. d5
Ne5 9. h3 e6 10. f4 Ned7 11. dxe6 fxe6 12. g4 b6 13. Qc2 Bb7 14. O-O-O Qe7 15.
Bf3 Nh7 16. h4 Rab8 17. g5 h5 18. Rf1 Rfe8 19. Kb1 Qf7 20. Bc1 Nhf8 21. Nge2 a6
22. Ng3 b5 23. cxb5 axb5 24. f5 exf5 25. exf5 Bxf3 26. Rxf3 b4 27. Nce4 Ne5 28.
Rf4 Nc4 29. Nf6+ Bxf6 30. Rxc4 Bd8 31. Rf1 1-0

[Event "Geza Fuster Cup"]
[Site "Toronto CAN"]
[Date "1982.12.01"]
[Round "?"]
[White "Schleifer, Michael"]
[Black "Morrison, Robert"]
[Result "0-1"]
[WhiteElo "2145"]
[BlackElo "2351"]
[PlyCount "62"]
[EventDate "1982.12.01"]
[EventType "tourn"]
[EventRounds "9"]
[EventCountry "CAN"]

1. Nf3 c5 2. g3 b6 3. Bg2 Bb7 4. O-O g6 5. d3 Bg7 6. e4 e6 7. Nc3 Ne7 8. Bf4 d6
9. Qd2 h6 10. h4 Nbc6 11. Rab1 Qd7 12. a3 Rc8 13. Nh2 Nd4 14. Be3 Nec6 15. Nd1
d5 16. exd5 exd5 17. Bf4 Ne6 18. Re1 d4 19. b3 h5 20. Nf3 O-O 21. Bh6 Rfe8 22.
Nb2 b5 23. Bxg7 Kxg7 24. Ng5 Nxg5 25. Qxg5 Ne5 26. Qf4 Bxg2 27. Kxg2 Qc6+ 28.
f3 Ng4 29. Kg1 Ne3 30. Rbc1 Re6 31. Kf2 Rce8 0-1

[Event "CAN-ch U16"]
[Site "West Vancouver CAN"]
[Date "1982.??.??"]
[Round "?"]
[White "Girard, Robin"]
[Black "Schleifer, Michael"]
[Result "1-0"]
[WhiteElo "1707"]
[BlackElo "1840"]
[PlyCount "61"]
[EventDate "1982.03.14"]
[EventType "tourn"]
[EventRounds "9"]
[EventCountry "CAN"]

1. d4 Nf6 2. c4 d6 3. Nc3 g6 4. e4 Bg7 5. f3 Nbd7 6. Be3 c5 7. Nge2 h6 8. Qd2
cxd4 9. Nxd4 Ne5 10. Rc1 Be6 11. Nd5 Bxd5 12. cxd5 a6 13. Be2 h5 14. O-O Ned7
15. b4 Kf8 16. Nb3 h4 17. Na5 Qb8 18. Rc2 b6 19. Nc6 Qb7 20. Rfc1 Ne8 21. a3
Bf6 22. a4 Ne5 23. Nxe5 Bxe5 24. Rc6 Qd7 25. Bxb6 f5 26. Bd4 Kf7 27. Bxe5 dxe5
28. Qg5 Nf6 29. Rc7 Qd6 30. R1c6 Qxb4 31. Qxf6+ 1-0

[Event "CAN-ch U16"]
[Site "West Vancouver CAN"]
[Date "1982.03.14"]
[Round "1"]
[White "Johnson, Tyler"]
[Black "Schleifer, Michael"]
[Result "1-0"]
[WhiteElo "2006"]
[BlackElo "1840"]
[PlyCount "127"]
[EventDate "1982.03.14"]
[EventType "tourn"]
[EventRounds "9"]
[EventCountry "CAN"]

1. d4 Nf6 2. c4 e6 3. Nc3 d5 4. Bg5 Be7 5. Nf3 b6 6. e3 Bb7 7. Rc1 Nbd7 8. Be2
O-O 9. O-O a6 10. a3 h6 11. Bh4 Rc8 12. cxd5 exd5 13. b4 c5 14. bxc5 bxc5 15.
Rb1 cxd4 16. Nxd4 Ba8 17. Qd2 Qa5 18. Ne4 Qxa3 19. Nxf6+ Bxf6 20. Bxf6 Nxf6 21.
Ra1 Qc3 22. Qxc3 Rxc3 23. Rxa6 Ne4 24. Rfa1 Bb7 25. Rb6 Rfc8 26. Rxb7 Rc1+ 27.
Rxc1 Rxc1+ 28. Bf1 Nd2 29. g3 Nxf1 30. Kg2 Nd2 31. Rb8+ Kh7 32. Rb5 Ne4 33.
Rxd5 Ra1 34. Rd7 Kg6 35. Re7 Nf6 36. Rc7 Ne4 37. Rc2 h5 38. Rc6+ f6 39. Rc2 Nd6
40. Nf3 Kh6 41. Nd4 Ra7 42. f4 Kg6 43. Kf3 Re7 44. h3 Ne4 45. g4 Nd6 46. Rc6
hxg4+ 47. hxg4 Nf7 48. Nf5 Rd7 49. e4 Kh7 50. Ke3 Kg8 51. Rc8+ Kh7 52. Rc6 Kg8
53. Re6 Kf8 54. e5 fxe5 55. fxe5 Ra7 56. Nd6 Nxd6 57. exd6 Rd7 58. Ke4 Kf7 59.
Kd5 Ra7 60. Re5 Ra1 61. Kc6 Ra6+ 62. Kc7 Ra7+ 63. Kb6 Ra1 64. Rd5 1-0

[Event "Toronto Closed reserves"]
[Site "Toronto CAN"]
[Date "1982.02.??"]
[Round "1"]
[White "Schleifer, Michael"]
[Black "Deiseach, Donald"]
[Result "1/2-1/2"]
[WhiteElo "1907"]
[BlackElo "2037"]
[PlyCount "110"]
[EventDate "1982.02.??"]
[EventType "tourn"]
[EventRounds "11"]
[EventCountry "CAN"]

1. c4 Nf6 2. Nc3 c5 3. Nf3 Nc6 4. d4 cxd4 5. Nxd4 g6 6. g3 Bg7 7. Bg2 O-O 8.
Nc2 d6 9. O-O Be6 10. Ne3 Qd7 11. b3 Ng4 12. Ned5 Bxd5 13. cxd5 Bxc3 14. dxc6
bxc6 15. Rb1 Bg7 16. Bh3 f5 17. Bb2 Nf6 18. Bxf6 Bxf6 19. e4 e6 20. Qd3 Rad8
21. Rfe1 Kh8 22. Rbd1 c5 23. e5 Be7 24. exd6 Bf6 25. Qc4 Bd4 26. Rxe6 Rfe8 27.
Rde1 Rxe6 28. Rxe6 Re8 29. Rxe8+ Qxe8 30. Bf1 Qd7 31. Qd5 f4 32. Kg2 fxg3 33.
hxg3 Kg7 34. b4 Qf7 35. Qxf7+ Kxf7 36. bxc5 Bxc5 37. d7 Bb6 38. f4 Ke6 39. Bb5
Kd5 40. Kf3 Kd4 41. g4 Bd8 42. g5 Kc5 43. Ba4 Kd6 44. Kg4 Ke6 45. Bc2 Kxd7 46.
f5 gxf5+ 47. Bxf5+ Ke8 48. Bxh7 Kf7 49. Kf5 Kg7 50. Bg6 Bb6 51. Be8 Bg1 52. Ke6
Bb6 53. g6 Bg1 54. Kd6 Bb6 55. a4 Bg1 1/2-1/2

[Event "Toronto Closed reserves"]
[Site "Toronto CAN"]
[Date "1982.02.??"]
[Round "2"]
[White "Nasir, Nasim"]
[Black "Schleifer, Michael"]
[Result "0-1"]
[WhiteElo "1848"]
[BlackElo "1907"]
[PlyCount "83"]
[EventDate "1982.02.??"]
[EventType "tourn"]
[EventRounds "11"]
[EventCountry "CAN"]

1. e4 c5 2. Nf3 d6 3. Bb5+ Bd7 4. Bxd7+ Nxd7 5. c4 Ngf6 6. Nc3 g6 7. d4 cxd4 8.
Nxd4 Bg7 9. Be3 O-O 10. O-O Rc8 11. b3 a6 12. Rc1 Nc5 13. f3 h6 14. Qd2 Kh7 15.
Rfd1 b6 16. Nde2 Nfd7 17. Bd4 Ne5 18. Nd5 f5 19. Nec3 e6 20. Nf4 Qg5 21. Bxe5
Bxe5 22. Nfe2 Qxd2 23. Rxd2 fxe4 24. fxe4 Rf6 25. b4 Nd7 26. Nd1 Rcf8 27. Ne3
h5 28. a4 R8f7 29. Rb1 Rf2 30. Rf1 Rxf1+ 31. Nxf1 Rf8 32. Nd4 Rc8 33. Nf3 Bf4
34. Rc2 b5 35. axb5 axb5 36. N1d2 Nb6 37. Ne1 Bxd2 38. Rxd2 Nxc4 39. Ra2 Rc7
40. Nf3 Kg7 41. Nd4 Kf6 42. Nf3 0-1

[Event "Toronto Closed reserves"]
[Site "Toronto CAN"]
[Date "1982.02.??"]
[Round "3"]
[White "Schleifer, Michael"]
[Black "Stavropoulos, Greg"]
[Result "0-1"]
[WhiteElo "1907"]
[BlackElo "1933"]
[PlyCount "78"]
[EventDate "1982.02.??"]
[EventType "tourn"]
[EventRounds "11"]
[EventCountry "CAN"]

1. d4 Nf6 2. c4 c5 3. Nf3 cxd4 4. Nxd4 e5 5. Nc2 d5 6. cxd5 Qxd5 7. Qxd5 Nxd5
8. e4 Nb4 9. Nxb4 Bxb4+ 10. Bd2 Nc6 11. Bb5 Bd7 12. O-O Bxd2 13. Nxd2 Nd4 14.
Bxd7+ Kxd7 15. Nc4 Ke6 16. Rad1 Rhd8 17. g3 Rac8 18. Ne3 Nf3+ 19. Kg2 Nd2 20.
Rfe1 Nxe4 21. Rxd8 Rxd8 22. Nc4 Rd4 23. Na5 f5 24. Re2 b6 25. Nc6 Rd5 26. f3
Nd6 27. Nxa7 Kd7 28. b4 b5 29. Rc2 Nc4 30. Kf2 Na3 31. Rc8 Rd2+ 32. Kf1 Rxh2
33. Rc5 Rxa2 34. Rxe5 Nc4 35. Rxb5 Rxa7 36. Ke2 Nd6 37. Rb8 g6 38. Ke3 Rb7 39.
Rh8 Ke6 0-1

[Event "Toronto Closed reserves"]
[Site "Toronto CAN"]
[Date "1982.02.??"]
[Round "4"]
[White "Schleifer, Michael"]
[Black "Evans, Bill"]
[Result "1/2-1/2"]
[WhiteElo "1907"]
[BlackElo "2028"]
[PlyCount "81"]
[EventDate "1982.02.??"]
[EventType "tourn"]
[EventRounds "11"]
[EventCountry "CAN"]

1. c4 g6 2. Nc3 Bg7 3. g3 d6 4. Bg2 Nc6 5. Nf3 e5 6. d3 f5 7. Rb1 a5 8. O-O Nf6
9. a3 O-O 10. Bg5 h6 11. Bxf6 Bxf6 12. Nd5 Bg7 13. b4 axb4 14. axb4 Ne7 15. Qc2
g5 16. Nd2 c6 17. Nxe7+ Qxe7 18. b5 Bd7 19. bxc6 Bxc6 20. Bxc6 bxc6 21. Rb6 Qc7
22. Rfb1 Rfb8 23. c5 d5 24. e4 Rf8 25. exd5 cxd5 26. Rb7 Qa5 27. c6 e4 28. c7
Rac8 29. Nb3 Qa4 30. Qc5 Qd7 31. dxe4 dxe4 32. Qc4+ Qf7 33. Nd2 Be5 34. Rc1
Qxc4 35. Rxc4 Rf7 36. Rc5 Bd6 37. Rc6 Rcxc7 38. Rbxc7 Bxc7 39. Rxh6 Kg7 40. Rc6
Rd7 41. Nb3 1/2-1/2

[Event "Toronto Closed reserves"]
[Site "Toronto CAN"]
[Date "1982.02.??"]
[Round "5"]
[White "Rakhinshteyn, Fima"]
[Black "Schleifer, Michael"]
[Result "0-1"]
[WhiteElo "2051"]
[BlackElo "1907"]
[PlyCount "62"]
[EventDate "1982.02.??"]
[EventType "tourn"]
[EventRounds "11"]
[EventCountry "CAN"]

1. e4 d6 2. d4 Nf6 3. Nc3 g6 4. Be2 Bg7 5. h4 Nc6 6. Be3 a6 7. h5 b5 8. hxg6
hxg6 9. Rxh8+ Bxh8 10. a3 Bd7 11. g4 Qb8 12. g5 Ng8 13. Nd5 Qb7 14. c3 Na5 15.
b4 Nc4 16. Bxc4 bxc4 17. f3 Bc6 18. Nf4 e5 19. Nfe2 d5 20. dxe5 Bxe5 21. f4 Bg7
22. e5 Ne7 23. Nd4 Bd7 24. Nge2 O-O-O 25. Qd2 Ba4 26. Kf2 Rh8 27. Kg3 Bd7 28.
Ng1 Nf5+ 29. Nxf5 Bxf5 30. Nf3 Rh3+ 31. Kg2 d4 0-1

[Event "Toronto Closed reserves"]
[Site "Toronto CAN"]
[Date "1982.02.??"]
[Round "6"]
[White "Schleifer, Michael"]
[Black "Knapp, Ernest"]
[Result "1-0"]
[WhiteElo "1907"]
[BlackElo "1940"]
[PlyCount "91"]
[EventDate "1982.02.??"]
[EventType "tourn"]
[EventRounds "11"]
[EventCountry "CAN"]

1. e4 e6 2. d4 c5 3. d5 d6 4. c4 Nf6 5. Nc3 Be7 6. Be2 O-O 7. Nf3 e5 8. O-O Bg4
9. h3 Bd7 10. a3 Na6 11. Rb1 Nc7 12. b4 b6 13. Ne1 Nfe8 14. Bg4 f5 15. Bxf5
Bxf5 16. exf5 Rxf5 17. Nc2 Rf7 18. Qe2 Nf6 19. Bd2 Qd7 20. bxc5 bxc5 21. Rb7 a6
22. Rfb1 Raf8 23. R1b6 Qc8 24. Rb2 Nb5 25. Rb6 Nxc3 26. Bxc3 Ne8 27. Be1 Qf5
28. Ne3 Qe4 29. Rxa6 g5 30. Nd1 Qg6 31. Rb3 Rf4 32. Rab6 R4f6 33. a4 Qf5 34. a5
Rg6 35. a6 e4 36. a7 Nc7 37. Rb8 Rgf6 38. Ba5 Na8 39. Bd8 Rg6 40. Bxe7 Rgf6 41.
Bxf6 Nc7 42. Rxf8+ Kxf8 43. Bg7+ Kxg7 44. Rb7 Qc8 45. Rxc7+ Qxc7 46. a8=Q 1-0

[Event "Toronto Closed reserves"]
[Site "Toronto CAN"]
[Date "1982.02.??"]
[Round "7"]
[White "Kuznecov, Alex"]
[Black "Schleifer, Michael"]
[Result "1-0"]
[WhiteElo "2092"]
[BlackElo "1907"]
[PlyCount "85"]
[EventDate "1982.02.??"]
[EventType "tourn"]
[EventRounds "11"]
[EventCountry "CAN"]

1. c4 e6 2. Nc3 d5 3. d4 Be7 4. Nf3 Nf6 5. Bg5 b6 6. cxd5 exd5 7. e3 Bb7 8. Be2
Nbd7 9. O-O O-O 10. Rc1 c5 11. Qa4 a6 12. dxc5 bxc5 13. Rfd1 Qb6 14. Qc2 Bc6
15. Ne1 Rfd8 16. Nd3 Rab8 17. b3 Rbc8 18. Bf3 c4 19. bxc4 dxc4 20. Ne1 Ne5 21.
Bxc6 Qxc6 22. Qf5 Nd3 23. Rc2 Qc5 24. Qxc5 Nxc5 25. Rxd8+ Rxd8 26. Kf1 Nd3 27.
Bxf6 gxf6 28. Ne4 f5 29. Ng3 Bb4 30. Nf3 c3 31. Nxf5 Nb2 32. N5d4 Rc8 33. Ne5
Rc5 34. Nec6 a5 35. Ke2 Kf8 36. f4 Ke8 37. Ne5 Ke7 38. Nd3 Nxd3 39. Kxd3 Kf6
40. Ne2 Rd5+ 41. Nd4 Rc5 42. Ne2 Rd5+ 43. Nd4 1-0

[Event "Toronto Closed reserves"]
[Site "Toronto CAN"]
[Date "1982.02.??"]
[Round "8"]
[White "Schleifer, Michael"]
[Black "Boross-Harmer, Peter"]
[Result "1/2-1/2"]
[WhiteElo "1907"]
[BlackElo "1842"]
[PlyCount "47"]
[EventDate "1982.02.??"]
[EventType "tourn"]
[EventRounds "11"]
[EventCountry "CAN"]

1. d4 Nf6 2. c4 e6 3. Nf3 d5 4. cxd5 exd5 5. g3 Nc6 6. Bg2 Bd6 7. O-O O-O 8.
Nc3 h6 9. a3 a6 10. b4 Re8 11. h3 Ne4 12. Bb2 Nxc3 13. Bxc3 Ne7 14. Qd2 c6 15.
Ne1 Nf5 16. Nd3 Qc7 17. a4 Re7 18. b5 axb5 19. axb5 Rxa1 20. Rxa1 Kh7 21. Nb4
g6 22. Bf1 Qb6 23. bxc6 bxc6 24. e3 1/2-1/2

[Event "Toronto Closed reserves"]
[Site "Toronto CAN"]
[Date "1982.02.??"]
[Round "9"]
[White "Berner, George"]
[Black "Schleifer, Michael"]
[Result "1/2-1/2"]
[WhiteElo "1981"]
[BlackElo "1907"]
[PlyCount "84"]
[EventDate "1982.02.??"]
[EventType "tourn"]
[EventRounds "11"]
[EventCountry "CAN"]

1. Nc3 e5 2. d4 exd4 3. Qxd4 Nc6 4. Qa4 Nf6 5. Bg5 Be7 6. e3 O-O 7. Nf3 d6 8.
Bd3 a5 9. Qh4 g6 10. h3 Nb4 11. O-O-O Re8 12. Bc4 Be6 13. Bxe6 fxe6 14. e4 Nh5
15. a3 Nc6 16. g4 Nf4 17. Bxe7 Qxe7 18. g5 Rf8 19. Qg4 Qf7 20. Rhf1 a4 21. Nh2
Ne5 22. Qg3 b5 23. Ng4 Nxg4 24. Qxg4 b4 25. axb4 a3 26. bxa3 Rxa3 27. Nb1 Ra2
28. Nc3 Ra7 29. Kd2 Qg7 30. Ne2 Qe5 31. f3 Nxe2 32. Kxe2 Rf4 33. Qg1 Ra2 34.
Rd2 Qb5+ 35. Ke3 Rh4 36. Rb1 Qe5 37. Qg2 Qc3+ 38. Rd3 Qxc2 39. Qxc2 Rxc2 40. b5
Rxh3 41. b6 cxb6 42. Rxb6 Rc7 1/2-1/2

[Event "Toronto Closed reserves"]
[Site "Toronto CAN"]
[Date "1982.02.??"]
[Round "11"]
[White "Kaminker, Harry"]
[Black "Schleifer, Michael"]
[Result "1-0"]
[WhiteElo "2173"]
[BlackElo "1907"]
[PlyCount "73"]
[EventDate "1982.02.??"]
[EventType "tourn"]
[EventRounds "11"]
[EventCountry "CAN"]

1. Nf3 c5 2. g3 g6 3. Bg2 Bg7 4. O-O Nc6 5. d3 Nf6 6. e4 d6 7. h3 Rb8 8. Nc3
O-O 9. Be3 Bd7 10. Qd2 b5 11. a3 Ne8 12. Bh6 Nc7 13. Bxg7 Kxg7 14. Ne2 e5 15.
Nh4 Ne6 16. c3 f5 17. exf5 gxf5 18. f4 Ne7 19. fxe5 dxe5 20. Rf2 Rf6 21. Raf1
Nf8 22. Be4 Nfg6 23. Nxf5+ Nxf5 24. Bxf5 Bxf5 25. Rxf5 Rxf5 26. Rxf5 Qd7 27.
Qg5 Rf8 28. Rxf8 Kxf8 29. Qe3 Qd6 30. Qe4 a6 31. Kg2 Kg7 32. Ng1 a5 33. Qb7+
Kh6 34. Qxb5 Qd5+ 35. Nf3 e4 36. dxe4 Qxe4 37. Qxc5 1-0

[Event "Eastern Ontario op"]
[Site "Ottawa CAN"]
[Date "1993.09.26"]
[Round "5"]
[White "Teuton, Frank"]
[Black "Schleifer, Michael"]
[Result "0-1"]
[WhiteElo "2223"]
[BlackElo "2417"]
[PlyCount "128"]
[EventDate "1993.09.25"]
[EventType "swiss"]
[EventRounds "5"]
[EventCountry "CAN"]

1. e4 c5 2. Nf3 Nc6 3. Bb5 Nf6 4. Nc3 Nd4 5. Bc4 d6 6. Nxd4 cxd4 7. Bb5+ Bd7 8.
Bxd7+ Qxd7 9. Ne2 Nxe4 10. Nxd4 g6 11. d3 Nf6 12. O-O Bg7 13. c4 O-O 14. Re1
Rac8 15. Bd2 d5 16. Nf3 dxc4 17. dxc4 Rfd8 18. Qe2 e6 19. Bc3 Qd3 20. Qxd3 Rxd3
21. Ne5 Rdd8 22. Rad1 Rxd1 23. Rxd1 Ne4 24. Bd4 Rd8 25. Nf3 e5 26. Re1 exd4 27.
Rxe4 d3 28. Re1 Bxb2 29. Rd1 Bc3 30. Kf1 Kg7 31. Ng5 Rd4 32. g3 h6 33. Nf3 Rxc4
34. Rxd3 Bf6 35. Ra3 a6 36. Rb3 Ra4 37. a3 b5 38. Ne1 Be7 39. Nc2 Rc4 40. Ne3
Rc1+ 41. Ke2 Ra1 42. Nc2 Rc1 43. Ne3 Bc5 44. h4 h5 45. f4 Bxe3 46. Kxe3 Kf6 47.
Rd3 Ke6 48. Ke4 Rc4+ 49. Kf3 a5 50. Ke3 b4 51. axb4 axb4 52. Rd8 Rc3+ 53. Ke2
b3 54. Rb8 Rc2+ 55. Kf3 b2 56. Ke3 Kd5 57. Kd3 Rg2 58. Kc3 Ke4 59. Rb4+ Kf3 60.
f5 gxf5 61. Kd4 Kxg3 62. Ke5 f4 63. Kf5 f3 64. Kg5 f2 0-1